| 000 | 00650nam a2200193 i 4500 | ||
|---|---|---|---|
| 001 | 34646 | ||
| 003 | ES-MaACL | ||
| 005 | 20230906154954.0 | ||
| 007 | t| | ||
| 008 | 030207s1970 sp ||||1| spa d | ||
| 100 | 0 |
_aBlecua, José Manuel. _929459 |
|
| 245 | 1 | 0 |
_aSobre poesía de la Edad de Oro _b: (ensayos y notas eruditas) / _cJosé Manuel Blecua. |
| 260 |
_a[Madrid] : _bGredos, _c[1970] |
||
| 300 |
_a310 p. ; _c19 cm. |
||
| 490 | 1 |
_aBiblioteca románica hispánica. VII. Campo abierto ; _v26 |
|
| 830 | 0 |
_aBiblioteca románica hispánica. VII. Campo abierto ; _v26 _9181186 |
|
| 852 |
_aES-MaACL _jC-39919 _bR.74692 |
||
| 999 |
_c34646 _d34646 |
||